00369nam a22001457a 450000500170000000800410001702200130005804100120007108200120008310000120009524500280010726000360013530000260017165000260019720240403124851.0240403b |||||||| |||| 00| 0 eng d a0258249X aEnglish a349 IND lEnglish aIndustrial Law Journal  aCape Town : bJuta Law, c2003  b288 pages ; c25 cm.  aLegal practice bLaw